000
00302nam a22001337a 4500
008
171006b xxu||||| |||| 00| 0 eng d
020
_a
9781433801280
041
_a
eng
080
_a
159.9
100
_a
49
101
_a
psi
245
_a
GRADUATE STUDY IN PSYCHOLOGY
_c
JAMES.P
942
_2
udc
_c
BK
999
_c
32196
_d
32196